| 000 | 00341nam a2200121Ia 4500 | ||
|---|---|---|---|
| 008 | 230907s9999||||xx |||||||||||||| ||und|| | ||
| 082 | _a532 | ||
| 100 |
_aLandau, L. D. _925900 |
||
| 245 | 0 | _aFluid mechanics / | |
| 260 |
_aPergamon Press, _bOxford, England ; | New York : _c1987 |
||
| 300 | _axiii, 539 p., [1] leaf of plates : | ||
| 942 | _cBK | ||
| 999 |
_c599355 _d599355 |
||